| 000 | 00862nam a2200217Ia 4500 | ||
|---|---|---|---|
| 999 |
_c39500 _d39500 |
||
| 001 | 6096 | ||
| 003 | GE_BSU | ||
| 005 | 20190923160243.0 | ||
| 008 | 181216s1967||||ge |||||||||||||| ||geo|| | ||
| 040 | _cGE_BSU | ||
| 041 | _ageo | ||
| 080 | _a821.353.1-32 ა-87 | ||
| 100 |
_aასათიანი, მამია _94148 |
||
| 245 |
_aულექსო დღე / _cმამია ასათიანი ; კონსტანტინე ლორთქიფანიძის რედაქციით. |
||
| 264 |
_aთბილისი : _bნაკადული ; _c1967. |
||
| 300 |
_a39 გვ. ; _c17 სმ. |
||
| 653 | _aულექსო დღე | ||
| 653 | _aმოთხრობა | ||
| 700 |
_a ლორთქიფანიძე, კონსტანტინე _eრედაქტორი _94241 |
||
| 942 |
_cBK _2udc |
||